[Event "MVP-ch Seniors op 19th"]
[Site "Ostseebad Binz"]
[Date "2019.12.05"]
[Round "9"]
[White "Schroeder, Christian"]
[Black "Kornath, Heinrich"]
[Result "1/2-1/2"]
[WhiteElo "1932"]
[BlackElo "1815"]
[PlyCount "42"]
[EventDate "2019.11.27"]
[EventType "swiss"]
[EventRounds "9"]
[EventCountry "GER"]
[SourceTitle "EXT 2021"]
[Source "ChessBase"]
[SourceDate "2020.10.23"]
[SourceVersion "1"]
[SourceVersionDate "2020.10.23"]
[SourceQuality "1"]

1. d4 Nf6 2. c4 g6 3. Nc3 Bg7 4. e4 d6 5. Be2 0-0 6. Bg5 c5 7. d5 Qa5 8. Qd2 Nbd7 9. Nf3 Re8 10. 0-0 Ng4 11. h3 Nge5 12. Nxe5 Bxe5 13. Rac1 Nf6 14. Bd3 a6 15. Kh1 Bd7 16. Qc2 b5 17. Bd2 Qb6 18. b3 bxc4 19. Bxc4 Bb5 20. Ne2 Bxc4 21. Qxc4 Qb5 1/2-1/2

[Event "MVP-ch Seniors op 19th"]
[Site "Ostseebad Binz"]
[Date "2019.12.03"]
[Round "7"]
[White "Deflieze, Ulrich"]
[Black "Kornath, Heinrich"]
[Result "1/2-1/2"]
[WhiteElo "1920"]
[BlackElo "1815"]
[PlyCount "48"]
[EventDate "2019.11.27"]
[EventType "swiss"]
[EventRounds "9"]
[EventCountry "GER"]
[SourceTitle "EXT 2021"]
[Source "ChessBase"]
[SourceDate "2020.10.23"]
[SourceVersion "1"]
[SourceVersionDate "2020.10.23"]
[SourceQuality "1"]

1. e4 e6 2. d4 d5 3. Nd2 c5 4. exd5 exd5 5. dxc5 Bxc5 6. Ngf3 Nc6 7. Nb3 Bb6 8. Bb5 Qe7+ 9. Qe2 Bg4 10. Qxe7+ Ngxe7 11. Ne5 Bf5 12. Nxc6 Nxc6 13. c3 0-0 14. 0-0 a6 15. Bxc6 bxc6 16. Nd4 Bd7 17. Be3 Rab8 18. Rfe1 Bxd4 19. Bxd4 Rxb2 20. Re7 Rfb8 21. Ree1 Bf5 22. h3 Rb1 23. Raxb1 Rxb1 24. Rxb1 Bxb1 1/2-1/2

[Event "Berlin Lichtenberger op 14th"]
[Site "Berlin"]
[Date "2015.08.18"]
[Round "4"]
[White "Kornath, Heinrich"]
[Black "Allaart, Jesse"]
[Result "1-0"]
[WhiteElo "1829"]
[BlackElo "1546"]
[PlyCount "71"]
[EventDate "2015.08.15"]
[EventType "swiss"]
[EventRounds "9"]
[EventCountry "GER"]
[SourceTitle "EXT 2016"]
[Source "ChessBase"]
[SourceDate "2015.10.08"]
[SourceVersion "1"]
[SourceVersionDate "2015.10.08"]
[SourceQuality "1"]

1. e4 e5 2. Nf3 Nc6 3. d4 exd4 4. Nxd4 Bc5 5. Be3 Qf6 6. c3 Nge7 7. Qd2 d6 8. Nxc6 Bxe3 9. Qxe3 Nxc6 10. Nd2 Bd7 11. g3 0-0 12. Bg2 Rfe8 13. 0-0 Ne5 14. f4 Ng4 15. Qf3 Qh6 16. h3 Nf6 17. g4 Qh4 18. Rae1 Bc6 19. Qd3 Nd7 20. Kh2 Nc5 21. Qc2 Qe7 22. b4 Ba4 23. Qb1 Nd7 24. Nf3 Bb5 25. Rf2 Nb6 26. Nd4 Bc4 27. g5 c5 28. Nf5 Qd7 29. Rd1 cxb4 30. Rxd6 Qb5 31. Qxb4 Qxb4 32. cxb4 Rad8 33. e5 Be6 34. Rxd8 Rxd8 35. Nd6 Nd5 36. f5 1-0

[Event "Berlin-ch Seniors op 31st"]
[Site "Berlin"]
[Date "2015.01.31"]
[Round "3"]
[White "Kornath, Heinrich"]
[Black "Tham, Franz"]
[Result "1-0"]
[WhiteElo "1673"]
[BlackElo "1380"]
[PlyCount "90"]
[EventDate "2015.01.29"]
[EventType "swiss"]
[EventRounds "9"]
[EventCountry "GER"]
[SourceTitle "EXT 2018"]
[Source "ChessBase"]
[SourceDate "2017.10.13"]
[SourceVersion "1"]
[SourceVersionDate "2017.10.13"]
[SourceQuality "1"]

1. e4 c5 2. Nf3 Nc6 3. d4 cxd4 4. Nxd4 Nf6 5. Nc3 g6 6. Nxc6 bxc6 7. e5 Nh5 8. Bc4 Qa5 9. Qe2 Bg7 10. g4 Bxe5 11. gxh5 Bxc3+ 12. Kf1 Bf6 13. c3 d5 14. Bd3 Bh3+ 15. Kg1 gxh5 16. Bf4 Rg8+ 17. Bg3 h4 18. Qh5 hxg3 19. hxg3 Qb6 20. Rxh3 0-0-0 21. Qxf7 Rg7 22. Qe6+ Kb8 23. Kg2 Qc7 24. a4 Be5 25. Re1 Bd6 26. Rxh7 Rg5 27. Re3 Re5 28. Rxe5 Bxe5 29. Qxe7 Qxe7 30. Rxe7 Bd6 31. Rf7 Bc7 32. f4 c5 33. Kf3 Re8 34. Bb5 Rd8 35. Rd7 a5 36. Rxd8+ Bxd8 37. g4 Kc7 38. g5 Kd6 39. Kg4 Ke6 40. Bd3 Kf7 41. f5 Bc7 42. f6 Bd6 43. Kf5 c4 44. Be2 Bc5 45. g6+ Kg8 1-0

[Event "Berlin-ch Seniors op 31st"]
[Site "Berlin"]
[Date "2015.01.29"]
[Round "1"]
[White "Kornath, Heinrich"]
[Black "Gaertner, Michael"]
[Result "0-1"]
[WhiteElo "1673"]
[BlackElo "1301"]
[PlyCount "96"]
[EventDate "2015.01.29"]
[EventType "swiss"]
[EventRounds "9"]
[EventCountry "GER"]
[SourceTitle "EXT 2018"]
[Source "ChessBase"]
[SourceDate "2017.10.13"]
[SourceVersion "1"]
[SourceVersionDate "2017.10.13"]
[SourceQuality "1"]

1. e4 e5 2. Nf3 Nc6 3. Bc4 Nf6 4. Nc3 Be7 5. d4 exd4 6. Nxd4 Nxd4 7. Qxd4 d6 8. 0-0 0-0 9. h3 Be6 10. Bd3 Qd7 11. f4 Qc8 12. f5 Bd7 13. Rf3 c5 14. Qf2 Bc6 15. Bg5 Qe8 16. Re1 Nd7 17. Qh4 Bxg5 18. Qxg5 Qe5 19. Rg3 Qf6 20. Qh5 Ne5 21. Bb5 Rad8 22. Rd1 a6 23. Bxc6 bxc6 24. Qe2 a5 25. b3 Rd7 26. a4 Rfd8 27. Qa6 Qe7 28. Qxa5 Ra7 29. Qb6 Rda8 30. b4 Rb7 31. bxc5 Rxb6 32. cxb6 Nc4 33. Rb1 Qb7 34. f6 g6 35. Rd3 h5 36. Rd4 d5 37. exd5 cxd5 38. Rxd5 Kh7 39. Rb4 Ne3 40. Rd2 Rc8 41. Ne4 Rxc2 42. Nd6 Qb8 43. Rd3 Rxg2+ 44. Kh1 Re2 45. b7 Nf5 46. Rb1 Nxd6 47. Rxd6 Qxd6 48. b8Q Qc6+ 0-1

[Event "MVP-ch Seniors op 14th"]
[Site "Binz"]
[Date "2014.12.02"]
[Round "8"]
[White "Kornath, Heinrich"]
[Black "Zoll, Theobald"]
[Result "1-0"]
[WhiteElo "1698"]
[BlackElo "1466"]
[PlyCount "131"]
[EventDate "2014.11.25"]
[EventType "swiss"]
[EventRounds "9"]
[EventCountry "GER"]
[SourceTitle "EXT 2016"]
[Source "ChessBase"]
[SourceDate "2015.10.08"]
[SourceVersion "1"]
[SourceVersionDate "2015.10.08"]
[SourceQuality "1"]

1. e4 c5 2. Nf3 d6 3. d4 cxd4 4. Nxd4 Nf6 5. Nc3 a6 6. Be2 Nc6 7. Be3 Qc7 8. f4 e6 9. 0-0 Be7 10. Qe1 0-0 11. Qg3 b5 12. a3 Bb7 13. Bd3 Na5 14. Qh3 Nc4 15. Bxc4 Qxc4 16. Qf3 Nd7 17. Rfe1 f5 18. Qh3 Rf6 19. exf5 exf5 20. Re2 Qf7 21. Rae1 Rh6 22. Qxf5 Nf6 23. h3 Rh5 24. Qe6 Rf8 25. Qxf7+ Rxf7 26. Bd2 Bf8 27. Ne6 h6 28. Nd8 Rd7 29. Nxb7 Rxb7 30. Re6 Rc5 31. g4 Nd5 32. Nxd5 Rxd5 33. Bc3 Rc5 34. R1e2 Rcc7 35. Bb4 Rd7 36. f5 Be7 37. c3 Kf7 38. Kg2 Rbc7 39. Kf3 Ra7 40. Ba5 Bd8 41. Bb4 Be7 42. Rd2 Ra8 43. Rd5 Rad8 44. Ke4 g6 45. Rxg6 Bf8 46. Ba5 Re8+ 47. Kf3 Re1 48. Rd2 Rf1+ 49. Kg2 Re1 50. Bb6 h5 51. Bf2 Re5 52. Bd4 Rd5 53. Kf3 Re7 54. Rf6+ Kg8 55. Rxf8+ Kxf8 56. Bg7+ Kxg7 57. Rxd5 hxg4+ 58. hxg4 Rd7 59. g5 Kf7 60. Kf4 Ke7 61. Rd2 Rc7 62. Kg4 Rc5 63. Re2+ Re5 64. Rxe5+ dxe5 65. Kf3 Kd6 66. Ke4 1-0

[Event "MVP-ch Seniors op 14th"]
[Site "Binz"]
[Date "2014.12.01"]
[Round "7"]
[White "Wenske, Hardy"]
[Black "Kornath, Heinrich"]
[Result "1-0"]
[WhiteElo "1584"]
[BlackElo "1698"]
[PlyCount "97"]
[EventDate "2014.11.25"]
[EventType "swiss"]
[EventRounds "9"]
[EventCountry "GER"]
[SourceTitle "EXT 2016"]
[Source "ChessBase"]
[SourceDate "2015.10.08"]
[SourceVersion "1"]
[SourceVersionDate "2015.10.08"]
[SourceQuality "1"]

1. Nf3 Nf6 2. d4 g6 3. Nc3 Bg7 4. Bf4 d6 5. h3 b6 6. Qd2 Bb7 7. Bh6 0-0 8. Bxg7 Kxg7 9. e3 Ne4 10. Nxe4 Bxe4 11. Ng5 Bb7 12. Qc3 Kg8 13. h4 h6 14. Nf3 Nd7 15. h5 g5 16. 0-0-0 Nf6 17. Nh2 c5 18. f3 Qd7 19. e4 cxd4 20. Qxd4 Rfc8 21. e5 Qc7 22. Qf2 dxe5 23. Ng4 Nxg4 24. fxg4 e4 25. c3 Qe5 26. Qe3 b5 27. Rd4 a5 28. Bd3 Rd8 29. Bxe4 Kg7 30. Re1 Rxd4 31. cxd4 Rc8+ 32. Kb1 Bxe4+ 33. Qxe4 Qc7 34. Qe5+ Qxe5 35. Rxe5 Rc4 36. Rxb5 Rxd4 37. Rxa5 Rxg4 38. Rb5 Rxg2 39. a4 g4 40. a5 Rd2 41. Rb3 Rd5 42. Ra3 Rd7 43. a6 Ra7 44. b4 f5 45. b5 f4 46. b6 Rxa6 47. Rxa6 g3 48. b7 Kf7 49. b8Q 1-0

[Event "Berlin Lichtenberger op 13th"]
[Site "Berlin"]
[Date "2014.08.17"]
[Round "2"]
[White "Bolle, Dietrich"]
[Black "Kornath, Heinrich"]
[Result "0-1"]
[WhiteElo "1655"]
[BlackElo "1848"]
[PlyCount "33"]
[EventDate "2014.08.16"]
[EventType "swiss"]
[EventRounds "9"]
[EventCountry "GER"]
[SourceTitle "CBM 161 Extra"]
[Source "ChessBase"]
[SourceDate "2014.08.29"]
[SourceVersion "1"]
[SourceVersionDate "2014.08.29"]
[SourceQuality "1"]

1. d4 Nf6 2. c4 g6 3. Nc3 d6 4. Nf3 Nbd7 5. e4 e5 6. Be2 c6 7. 0-0 Bg7 8. Qc2 0-0 9. Rd1 Qb6 10. h3 Re8 11. Be3 Qc7 12. d5 cxd5 13. cxd5 Nh5 14. Rac1 Nf4 15. Qd2 Nxe2+ 16. Qxe2 Qd8 17. Nb5 0-1

[Event "Berlin Lichtenberger op 13th"]
[Site "Berlin"]
[Date "2014.08.16"]
[Round "1"]
[White "Kornath, Heinrich"]
[Black "Schneider, Christian1111"]
[Result "0-1"]
[WhiteElo "1848"]
[BlackElo "2211"]
[PlyCount "88"]
[EventDate "2014.08.16"]
[EventType "swiss"]
[EventRounds "9"]
[EventCountry "GER"]
[SourceTitle "CBM 161 Extra"]
[Source "ChessBase"]
[SourceDate "2014.08.29"]
[SourceVersion "1"]
[SourceVersionDate "2014.08.29"]
[SourceQuality "1"]

1. e4 c6 2. c4 d5 3. exd5 cxd5 4. cxd5 Nf6 5. Qa4+ Nbd7 6. Nc3 g6 7. d4 Bg7 8. Bc4 0-0 9. Nge2 a6 10. Qa3 Nb6 11. Bb3 Nbxd5 12. Bg5 Re8 13. 0-0 h6 14. Bxf6 Nxf6 15. Rad1 Rb8 16. Nf4 e6 17. Rfe1 Bf8 18. Qa4 b5 19. Nxb5 axb5 20. Qa7 Qb6 21. Qxb6 Rxb6 22. d5 exd5 23. Rxe8 Nxe8 24. Bxd5 g5 25. Ne2 Rd6 26. Nc3 Nc7 27. Ne4 Ra6 28. a3 Nxd5 29. Rxd5 Bb7 30. Rd4 Bxe4 31. Rxe4 Rc6 32. h4 Rc1+ 33. Kh2 Rc2 34. hxg5 hxg5 35. b4 Bd6+ 36. Kh3 Rc3+ 37. Re3 Rxe3+ 38. fxe3 Kg7 39. Kg4 Kg6 40. Kf3 Kf5 41. e4+ Ke5 42. Ke3 g4 43. g3 Bc7 44. Kd3 Bb6 0-1

[Event "Berlin Werner Ott op"]
[Site "Berlin"]
[Date "2014.07.07"]
[Round "3"]
[White "Kornath, Heinrich"]
[Black "Major, Vitalij"]
[Result "0-1"]
[WhiteElo "1889"]
[BlackElo "2197"]
[PlyCount "60"]
[EventDate "2014.07.05"]
[EventType "swiss"]
[EventRounds "9"]
[EventCountry "GER"]
[SourceTitle "CBM 161 Extra"]
[Source "ChessBase"]
[SourceDate "2014.08.29"]
[SourceVersion "1"]
[SourceVersionDate "2014.08.29"]
[SourceQuality "1"]

1. e4 c5 2. Nf3 e6 3. d4 cxd4 4. Nxd4 a6 5. c4 Nf6 6. Nc3 Bb4 7. Bd3 Qc7 8. Be3 b6 9. Rc1 Bb7 10. f3 Bd6 11. g3 h5 12. 0-0 h4 13. Be2 Bc5 14. Qe1 hxg3 15. hxg3 Nc6 16. Nc2 0-0-0 17. Kg2 Bxe3 18. Nxe3 Kb8 19. Ncd5 exd5 20. cxd5 Ka7 21. Qc3 Nh5 22. f4 g5 23. e5 gxf4 24. gxf4 Rdg8+ 25. Kf3 Qd8 26. Rg1 Qh4 27. Rg4 Rxg4 28. Nxg4 Qg3+ 29. Ke4 Qxf4+ 30. Kd3 Nb4+ 0-1

[Event "Berlin-ch Seniors op 30th"]
[Site "Berlin"]
[Date "2014.02.01"]
[Round "3"]
[White "Roth, Joachim"]
[Black "Kornath, Heinrich"]
[Result "1/2-1/2"]
[WhiteElo "1919"]
[BlackElo "1716"]
[PlyCount "82"]
[EventDate "2014.01.30"]
[EventType "swiss"]
[EventRounds "9"]
[EventCountry "GER"]
[SourceTitle "EXT 2018"]
[Source "ChessBase"]
[SourceDate "2017.10.13"]
[SourceVersion "1"]
[SourceVersionDate "2017.10.13"]
[SourceQuality "1"]

1. d4 Nf6 2. Nf3 g6 3. e3 Bg7 4. Bd3 d6 5. c3 0-0 6. 0-0 b6 7. Qe2 Re8 8. e4 e5 9. d5 Bg4 10. h3 Bxf3 11. Qxf3 Nbd7 12. Be3 a5 13. Bb5 h6 14. c4 Rf8 15. Bc6 Rb8 16. Nc3 Nc5 17. Rab1 Nh7 18. Qg3 Ng5 19. Bxc5 bxc5 20. h4 Nh7 21. Ba4 Nf6 22. Bd1 Rb4 23. b3 Qb8 24. Be2 a4 25. bxa4 Nxe4 26. Rxb4 Nxg3 27. Rxb8 Nxe2+ 28. Nxe2 Rxb8 29. Rc1 Rb4 30. a5 Ra4 31. Rc2 Rxa5 32. Nc3 Bf6 33. g3 Kg7 34. Nb5 Bd8 35. Kf1 f5 36. Rb2 Ra8 37. Ke2 e4 38. f3 exf3+ 39. Kxf3 Kf6 40. Re2 Kf7 41. Kf4 Ra4 1/2-1/2

[Event "Berlin-ch Seniors op 30th"]
[Site "Berlin"]
[Date "2014.01.30"]
[Round "1"]
[White "Thur, Herbert"]
[Black "Kornath, Heinrich"]
[Result "1/2-1/2"]
[WhiteElo "1332"]
[BlackElo "1716"]
[PlyCount "77"]
[EventDate "2014.01.30"]
[EventType "swiss"]
[EventRounds "9"]
[EventCountry "GER"]
[SourceTitle "EXT 2018"]
[Source "ChessBase"]
[SourceDate "2017.10.13"]
[SourceVersion "1"]
[SourceVersionDate "2017.10.13"]
[SourceQuality "1"]

1. d4 Nf6 2. Bf4 g6 3. e3 c6 4. c4 Bg7 5. Nc3 0-0 6. Bd3 d5 7. c5 Nbd7 8. Nf3 b6 9. b4 a5 10. a3 Nh5 11. 0-0 bxc5 12. bxc5 Nxc5 13. Rb1 Nxd3 14. Qxd3 Nxf4 15. exf4 Ba6 16. Qe3 Bxf1 17. Kxf1 Qd6 18. g3 Rab8 19. Qc1 Rxb1 20. Nxb1 Rb8 21. Kg2 Rb5 22. Ne5 c5 23. dxc5 Rxc5 24. Qb2 Qc7 25. Qe2 Rc2 26. Qd3 Qc5 27. Ng4 h5 28. Ne3 Bd4 29. Nxc2 Bxf2 30. Qe2 Bd4 31. Nxd4 Qxd4 32. Nd2 e6 33. Nf3 Qc3 34. a4 Qb3 35. Qb5 Qc2+ 36. Kh3 Qf5+ 37. Kg2 Qc2+ 38. Kh3 Qf5+ 39. Kg2 1/2-1/2

[Event "MVP-ch Seniors op 13th"]
[Site "Binz"]
[Date "2013.12.01"]
[Round "5"]
[White "Zimmermann, Manfred"]
[Black "Kornath, Heinrich"]
[Result "1-0"]
[WhiteElo "1803"]
[BlackElo "1656"]
[PlyCount "79"]
[EventDate "2013.11.27"]
[EventType "swiss"]
[EventRounds "9"]
[EventCountry "GER"]
[SourceTitle "EXT 2015"]
[Source "ChessBase"]
[SourceDate "2014.11.20"]
[SourceVersion "1"]
[SourceVersionDate "2014.11.20"]
[SourceQuality "1"]

1. d4 Nf6 2. Nf3 g6 3. c4 Bg7 4. Nc3 0-0 5. g3 d6 6. Bg2 Nc6 7. 0-0 a6 8. h3 Rb8 9. a4 e5 10. e4 exd4 11. Nxd4 Bd7 12. Be3 Re8 13. Re1 Na5 14. Qd3 c5 15. Nde2 Qb6 16. Nf4 Qb4 17. Bf1 Nb3 18. Ncd5 Nxd5 19. Nxd5 Nxa1 20. Nxb4 cxb4 21. Rxa1 Bxb2 22. Ra2 Bc3 23. a5 Bc6 24. f3 Rbd8 25. Rf2 Re5 26. Kh2 f5 27. exf5 Rxf5 28. Bg2 Rd7 29. Bb6 d5 30. h4 d4 31. Bh3 Rff7 32. Bxd7 Rxd7 33. Re2 b3 34. h5 b2 35. hxg6 hxg6 36. Re6 Rg7 37. Kg2 Kf7 38. Rd6 Rg8 39. Bxd4 Bxa5 40. Bxb2 1-0

[Event "MVP-ch Seniors op 12th"]
[Site "Binz"]
[Date "2012.12.01"]
[Round "4"]
[White "Kornath, Heinrich"]
[Black "Pfueller, Volker"]
[Result "0-1"]
[WhiteElo "1685"]
[BlackElo "1500"]
[PlyCount "88"]
[EventDate "2012.11.28"]
[EventType "swiss"]
[EventRounds "9"]
[EventCountry "GER"]
[SourceTitle "EXT 2014"]
[Source "ChessBase"]
[SourceDate "2013.11.20"]
[SourceVersion "1"]
[SourceVersionDate "2013.11.20"]
[SourceQuality "1"]

1. e4 e5 2. Nf3 Nc6 3. Bb5 a6 4. Ba4 Nf6 5. 0-0 Be7 6. Re1 b5 7. Bb3 0-0 8. c3 d5 9. exd5 Nxd5 10. Nxe5 Nxe5 11. Rxe5 c6 12. d4 Bd6 13. Re1 Qh4 14. g3 Qh3 15. Re4 Qf5 16. Bc2 Qg6 17. Rh4 f5 18. Nd2 Be7 19. Rh3 Nf4 20. Kf1 Nxh3 21. Nf3 Bf6 22. Kg2 Ng5 23. Nh4 Qe8 24. f4 Ne4 25. Nf3 Kh8 26. d5 cxd5 27. Qxd5 Be6 28. Qd1 Rd8 29. Qe1 Qc6 30. Be3 Nxc3 31. Bb3 Nd5 32. Rc1 Qb7 33. Bc5 Rfe8 34. Rd1 Bf7 35. Qf2 Qc6 36. Kh3 a5 37. Ne5 Bxe5 38. fxe5 Rxe5 39. Bd4 Re6 40. Qf3 Rh6+ 41. Kg2 a4 42. Bb6 Nf4+ 43. gxf4 Qxf3+ 44. Kxf3 Rxd1 0-1

[Event "MVP-ch Seniors op 12th"]
[Site "Binz"]
[Date "2012.11.29"]
[Round "2"]
[White "Wilfert, Eva Maria"]
[Black "Kornath, Heinrich"]
[Result "0-1"]
[WhiteElo "1436"]
[BlackElo "1685"]
[PlyCount "86"]
[EventDate "2012.11.28"]
[EventType "swiss"]
[EventRounds "9"]
[EventCountry "GER"]
[SourceTitle "EXT 2014"]
[Source "ChessBase"]
[SourceDate "2013.11.20"]
[SourceVersion "1"]
[SourceVersionDate "2013.11.20"]
[SourceQuality "1"]

1. d4 Nf6 2. Nf3 d6 3. Bf4 Bg4 4. Qd3 c6 5. h3 Bxf3 6. Qxf3 Nbd7 7. Nd2 g6 8. Nb3 Bg7 9. c3 Qb6 10. e4 a5 11. Rb1 a4 12. Nd2 Qc7 13. Bd3 0-0 14. 0-0 e5 15. Bh2 Rfe8 16. Rfe1 Bh6 17. Qd1 Nh5 18. Bc2 b5 19. Nf3 Nf4 20. dxe5 dxe5 21. Bxf4 Bxf4 22. Qe2 Qb6 23. Rbd1 Re7 24. Rd6 Nc5 25. Red1 Ne6 26. a3 Rd8 27. Rxd8+ Nxd8 28. Rd6 Ne6 29. Bb1 Qc5 30. Qd3 Bg3 31. Qd2 Bxf2+ 32. Kh1 Be3 33. Qd1 Bh6 34. Ba2 Ng5 35. Rd8+ Kg7 36. Nxg5 Bxg5 37. Rd7 Rxd7 38. Qxd7 Qf2 39. Qd1 Bf4 40. c4 Qg3 41. Kg1 Qe3+ 42. Kf1 Bg3 43. Qf3 Qe1# 0-1

[Event "MVP-ch Seniors op 12th"]
[Site "Binz"]
[Date "2012.11.28"]
[Round "1"]
[White "Kornath, Heinrich"]
[Black "Neese, Hans Joachim"]
[Result "0-1"]
[WhiteElo "1685"]
[BlackElo "2072"]
[PlyCount "74"]
[EventDate "2012.11.28"]
[EventType "swiss"]
[EventRounds "9"]
[EventCountry "GER"]
[SourceTitle "EXT 2014"]
[Source "ChessBase"]
[SourceDate "2013.11.20"]
[SourceVersion "1"]
[SourceVersionDate "2013.11.20"]
[SourceQuality "1"]

1. e4 c5 2. Nf3 d6 3. d4 cxd4 4. Nxd4 Nf6 5. Nc3 a6 6. a4 Nc6 7. Be2 e5 8. Nb3 Be7 9. Bg5 Be6 10. Bxf6 Bxf6 11. a5 0-0 12. Nd5 Bg5 13. Bg4 Rc8 14. c3 Qe8 15. 0-0 f5 16. exf5 Bxf5 17. Bxf5 Rxf5 18. Qg4 Qf7 19. Rad1 Rf8 20. Qe2 Bd8 21. Nc1 Nxa5 22. Ne3 Rf6 23. b4 Nc6 24. Nd5 Re6 25. Nd3 Ne7 26. Qe4 Nxd5 27. Qxd5 Bb6 28. Rde1 Rf6 29. Qxf7+ R8xf7 30. Re4 Rc7 31. c4 Bd4 32. Rc1 b5 33. c5 d5 34. Re2 e4 35. Nb2 a5 36. Rd2 Be5 37. bxa5 Bf4 0-1

[Event "Berlin-ch Seniors op 28th"]
[Site "Berlin"]
[Date "2012.01.28"]
[Round "2.5"]
[White "Kornath, Heinrich"]
[Black "Troeger, Rainer"]
[Result "0-1"]
[WhiteElo "1787"]
[BlackElo "2043"]
[PlyCount "82"]
[EventDate "2012.01.27"]
[EventType "swiss"]
[EventRounds "9"]
[EventCountry "GER"]
[SourceTitle "EXT 2022"]
[Source "ChessBase"]
[SourceDate "2021.10.06"]
[SourceVersion "1"]
[SourceVersionDate "2021.10.06"]
[SourceQuality "1"]

1. e4 g6 2. d4 Bg7 3. Nc3 c5 4. d5 d6 5. Nf3 Nf6 6. Be2 0-0 7. 0-0 Na6 8. h3 Nc7 9. Bf4 b5 10. Nd2 Bd7 11. Bf3 b4 12. Ne2 Bb5 13. c4 bxc3 14. bxc3 Nd7 15. Rc1 Ne5 16. Bxe5 Bxe5 17. Re1 Qe8 18. c4 Ba4 19. Nb3 Na6 20. Qd2 Rb8 21. Rb1 Rb4 22. Qd3 Qb8 23. g3 Bd7 24. Bg2 Qc8 25. Kh2 Ra4 26. Nec1 Nb4 27. Qd2 Qa6 28. f4 Bg7 29. e5 Qxc4 30. Be4 dxe5 31. fxe5 Bxe5 32. Qe2 Qxe2+ 33. Rxe2 Bd6 34. Rbb2 c4 35. Nd4 Be5 36. Rbd2 c3 37. Rd1 Bf6 38. Nc6 Rc8 39. Nxb4 Rxb4 40. Nb3 Bb5 41. Ree1 Ra4 0-1

[Event "Berlin-ch Seniors op 27th"]
[Site "Berlin"]
[Date "2011.02.05"]
[Round "8"]
[White "Kornath, Heinrich"]
[Black "Uckar, Klaudijo"]
[Result "1/2-1/2"]
[WhiteElo "1870"]
[BlackElo "1771"]
[PlyCount "99"]
[EventDate "2011.01.29"]
[EventType "swiss"]
[EventRounds "9"]
[EventCountry "GER"]
[SourceTitle "EXT 2012"]
[Source "ChessBase"]
[SourceDate "2011.11.24"]
[SourceVersion "1"]
[SourceVersionDate "2011.11.24"]
[SourceQuality "1"]

1. e4 c5 2. Nf3 d6 3. d4 cxd4 4. Nxd4 Nf6 5. Nc3 a6 6. Bc4 e6 7. Be3 Be7 8. Bb3 Nc6 9. h3 Nxd4 10. Bxd4 Qc7 11. f4 b5 12. a3 Bb7 13. Qe2 Qc6 14. e5 dxe5 15. fxe5 Ne4 16. Nxe4 Qxe4 17. Qxe4 Bxe4 18. 0-0 0-0 19. Rad1 a5 20. c4 bxc4 21. Bxc4 Rac8 22. Bd3 Bxd3 23. Rxd3 Rfd8 24. Rfd1 Kf8 25. Bc3 Rxd3 26. Rxd3 Ke8 27. Kh2 a4 28. Rd4 Bxa3 29. Rxa4 Bc5 30. Ra5 Kd7 31. Ra6 h5 32. Kg3 g6 33. Kf3 Rb8 34. Ra4 Rb7 35. Ke4 Kc6 36. b4 Bb6 37. Kd3 Kb5 38. Ra8 Rd7+ 39. Kc2 Bc7 40. Ra1 Bd8 41. Re1 Be7 42. Re4 Rc7 43. Kb3 Rd7 44. Rf4 Bf8 45. Rf3 Bh6 46. g4 hxg4 47. hxg4 Bg5 48. Be1 Bd8 49. Bc3 Bb6 50. Rf4 1/2-1/2

[Event "Berlin-ch Seniors op 27th"]
[Site "Berlin"]
[Date "2011.01.29"]
[Round "1"]
[White "Kornath, Heinrich"]
[Black "Radloff, Rainer"]
[Result "1/2-1/2"]
[WhiteElo "1870"]
[BlackElo "1583"]
[PlyCount "78"]
[EventDate "2011.01.29"]
[EventType "swiss"]
[EventRounds "9"]
[EventCountry "GER"]
[SourceTitle "EXT 2012"]
[Source "ChessBase"]
[SourceDate "2011.11.24"]
[SourceVersion "1"]
[SourceVersionDate "2011.11.24"]
[SourceQuality "1"]

1. e4 c5 2. Nf3 d6 3. d4 cxd4 4. Nxd4 Nc6 5. Nc3 a6 6. Bc4 e6 7. 0-0 Nf6 8. Bb3 Be7 9. Be3 0-0 10. Nxc6 bxc6 11. f4 Bb7 12. f5 Qc8 13. Qf3 d5 14. fxe6 fxe6 15. Qg3 Kh8 16. Bg5 Qd7 17. Rad1 Nh5 18. Qh4 Nf6 19. e5 Ng8 20. Ne4 Rae8 21. Bxe7 Rxf1+ 22. Kxf1 Nxe7 23. Nc5 Qc8 24. Kg1 Nf5 25. Qh3 g6 26. c3 Qc7 27. Nd3 c5 28. Nf4 Kg7 29. Ba4 Re7 30. g4 Qxe5 31. Nd3 Qe3+ 32. Qxe3 Nxe3 33. Re1 Nxg4 34. Nxc5 Bc8 35. Bb3 Nf6 36. Bc2 Kf7 37. b4 Nd7 38. Rf1+ Kg7 39. Nd3 Rf7 1/2-1/2

[Event "Wch Seniors 20th"]
[Site "Arco"]
[Date "2010.11.04"]
[Round "9"]
[White "Shamis, Mordehai"]
[Black "Kornath, Heinrich"]
[Result "1/2-1/2"]
[WhiteElo "2096"]
[BlackElo "1956"]
[PlyCount "94"]
[EventDate "2010.10.26"]
[EventType "swiss"]
[EventRounds "11"]
[EventCountry "ITA"]
[SourceTitle "EXT 2011"]
[Source "ChessBase"]
[SourceDate "2010.11.26"]
[SourceVersion "1"]
[SourceVersionDate "2010.11.26"]
[SourceQuality "1"]

1. e4 e6 2. d4 d5 3. Nd2 Nf6 4. e5 Nfd7 5. f4 c5 6. c3 Nc6 7. Ngf3 Qb6 8. Qb3 cxd4 9. Qxb6 Nxb6 10. cxd4 Nb4 11. Kf2 Bd7 12. a3 Nc6 13. b3 Be7 14. Bb2 0-0 15. Bd3 f6 16. g3 fxe5 17. dxe5 a5 18. Kg2 Bc5 19. h4 Be3 20. Rae1 Bc5 21. h5 Be7 22. Rh2 Bd8 23. Reh1 Ne7 24. Ng5 h6 25. Ngf3 Nf5 26. Nf1 a4 27. b4 Nc4 28. Bxc4 dxc4 29. g4 Ne7 30. Kg3 Nd5 31. Bc1 Bb6 32. Rd2 c3 33. Rd1 Bb5 34. Nd4 Bxd4 35. Rxd4 Rac8 36. f5 Rc4 37. Rxc4 Bxc4 38. f6 Rf7 39. Ne3 Bb3 40. Nxd5 Bxd5 41. Rf1 Kh7 42. g5 hxg5 43. Bxg5 c2 44. Rf2 Be4 45. Rf1 gxf6 46. exf6 Bf5 47. Rg1 Rd7 1/2-1/2